[Event "escc2023_50"]
[Site "?"]
[Date "2023.05.31"]
[Round "6.25"]
[White "Bosca, Valter Romano"]
[Black "Minnican, Alan"]
[Result "0-1"]
[BlackElo "2052"]
[WhiteElo "1949"]
[LiveChessVersion "1.4.8"]

1. c4 {[%clk 1:30:47]} e5 {[%clk 1:30:35]} 2. Nc3 {[%clk 1:30:49]} Nf6
{[%clk 1:30:44]} 3. g3 {[%clk 1:30:58]} Bb4 {[%clk 1:31:00]} 4. Bg2
{[%clk 1:30:58]} O-O {[%clk 1:29:52]} 5. e4 {[%clk 1:30:28]} Bxc3
{[%clk 1:30:14]} 6. dxc3 {[%clk 1:28:37]} d6 {[%clk 1:29:54]} 7. Ne2
{[%clk 1:28:16]} Be6 {[%clk 1:29:32]} 8. b3 {[%clk 1:28:09]} a5 {[%clk 1:29:46]}
9. f3 {[%clk 1:27:39]} a4 {[%clk 1:29:27]} 10. Be3 {[%clk 1:27:48]} Qd7
{[%clk 1:17:00]} 11. O-O {[%clk 1:26:06]} axb3 {[%clk 1:12:13]} 12. axb3
{[%clk 1:26:25]} Rxa1 {[%clk 1:12:30]} 13. Qxa1 {[%clk 1:26:45]} b5
{[%clk 1:12:41]} 14. f4 {[%clk 1:17:06]} Ng4 {[%clk 1:07:01]} 15. f5
{[%clk 1:09:24]} Nxe3 {[%clk 1:06:47]} 16. fxe6 {[%clk 1:09:49]} Qxe6
{[%clk 1:06:25]} 17. Rf3 {[%clk 1:09:01]} Nxg2 {[%clk 1:06:13]} 18. Kxg2
{[%clk 1:09:25]} bxc4 {[%clk 1:06:28]} 19. b4 {[%clk 1:09:44]} Nd7
{[%clk 1:03:08]} 20. h3 {[%clk 1:09:53]} Nf6 {[%clk 1:02:07]} 21. Re3
{[%clk 1:04:16]} Qd7 {[%clk 1:01:26]} 22. g4 {[%clk 1:04:31]} Qc6
{[%clk 0:56:16]} 23. Ng3 {[%clk 1:03:36]} Ra8 {[%clk 0:54:49]} 24. Qb2
{[%clk 1:02:47]} Qa6 {[%clk 0:54:50]} 25. g5 {[%clk 1:02:38]} Qa2
{[%clk 0:54:46]} 26. Re2 {[%clk 1:03:02]} Qxb2 {[%clk 0:55:03]} 27. Rxb2
{[%clk 1:03:30]} Nd7 {[%clk 0:55:11]} 28. Nf5 {[%clk 1:03:21]} f6
{[%clk 0:51:34]} 29. h4 {[%clk 1:02:38]} Kf7 {[%clk 0:51:06]} 30. Kg3
{[%clk 1:02:47]} Ra3 {[%clk 0:50:51]} 31. Rc2 {[%clk 1:03:08]} Nb6
{[%clk 0:49:42]} 32. Ne3 {[%clk 1:02:20]} Na4 {[%clk 0:47:47]} 33. Kg4
{[%clk 0:58:41]} Rxc3 {[%clk 0:46:43]} 34. Rxc3 {[%clk 0:57:11]} Nxc3
{[%clk 0:47:06]} 35. gxf6 {[%clk 0:56:48]} Kxf6 {[%clk 0:46:37]} 36. Kf3
{[%clk 0:57:08]} Kg6 {[%clk 0:44:39]} 37. Nxc4 {[%clk 0:56:27]} Kh5
{[%clk 0:44:41]} 38. Ne3 {[%clk 0:56:33]} g6 {[%clk 0:44:35]} 0-1

[Event "escc2023_50"]
[Site "?"]
[Date "2023.05.31"]
[Round "6.27"]
[White "Ceccarini, Marco"]
[Black "Hartmann, Wolfgang"]
[Result "1/2-1/2"]
[BlackElo "1944"]
[WhiteElo "2027"]
[LiveChessVersion "1.4.8"]

1. e4 {[%clk 1:30:56]} d6 {[%clk 1:30:40]} 2. d4 {[%clk 1:31:13]} Nf6
{[%clk 1:31:05]} 3. Nc3 {[%clk 1:31:30]} e5 {[%clk 1:31:27]} 4. Nf3
{[%clk 1:31:24]} exd4 {[%clk 1:31:50]} 5. Nxd4 {[%clk 1:31:32]} Be7
{[%clk 1:32:12]} 6. Bc4 {[%clk 1:25:57]} O-O {[%clk 1:31:01]} 7. O-O
{[%clk 1:25:38]} a6 {[%clk 1:27:11]} 8. a4 {[%clk 1:23:52]} c5 {[%clk 1:26:45]}
9. Nf3 {[%clk 1:18:22]} Nc6 {[%clk 1:23:44]} 10. Bf4 {[%clk 1:07:08]} Bg4
{[%clk 1:20:50]} 11. h3 {[%clk 1:04:14]} Bh5 {[%clk 1:20:37]} 12. Qd3
{[%clk 0:57:59]} Re8 {[%clk 1:11:30]} 13. Rfe1 {[%clk 0:46:44]} Nb4
{[%clk 0:58:50]} 14. Qe2 {[%clk 0:43:34]} Bxf3 {[%clk 0:55:24]} 15. gxf3
{[%clk 0:43:45]} d5 {[%clk 0:49:39]} 16. Rad1 {[%clk 0:36:45]} d4
{[%clk 0:44:33]} 17. Na2 {[%clk 0:30:04]} 1/2-1/2

[Event "escc2023_50"]
[Site "?"]
[Date "2023.05.31"]
[Round "6.28"]
[White "Llopis De Aysa, Manuel"]
[Black "Melero Sanchez, Pere"]
[Result "1-0"]
[BlackElo "1890"]
[WhiteElo "2018"]
[LiveChessVersion "1.4.8"]

1. d4 {[%clk 1:30:57]} Nf6 {[%clk 1:30:59]} 2. Nf3 {[%clk 1:31:19]} e6
{[%clk 1:31:22]} 3. c4 {[%clk 1:31:40]} b6 {[%clk 1:31:32]} 4. g3
{[%clk 1:32:02]} Bb7 {[%clk 1:31:37]} 5. Bg2 {[%clk 1:32:22]} Bb4+
{[%clk 1:30:30]} 6. Bd2 {[%clk 1:32:29]} Bxd2+ {[%clk 1:29:50]} 7. Qxd2
{[%clk 1:32:33]} O-O {[%clk 1:27:46]} 8. Nc3 {[%clk 1:23:05]} d6 {[%clk 1:27:48]}
9. d5 {[%clk 1:21:44]} e5 {[%clk 1:26:54]} 10. O-O {[%clk 1:21:13]} Nbd7
{[%clk 1:24:51]} 11. e4 {[%clk 1:19:36]} Ne8 {[%clk 1:20:24]} 12. h4
{[%clk 1:08:03]} Ndf6 {[%clk 1:19:05]} 13. Bh3 {[%clk 1:07:58]} Bc8
{[%clk 1:15:21]} 14. Bxc8 {[%clk 1:07:32]} Qxc8 {[%clk 1:15:24]} 15. Kg2
{[%clk 1:07:01]} Qg4 {[%clk 1:13:50]} 16. Nh2 {[%clk 0:51:32]} Qg6
{[%clk 1:09:53]} 17. Qg5 {[%clk 0:43:34]} h6 {[%clk 0:54:44]} 18. Qxg6
{[%clk 0:43:40]} fxg6 {[%clk 0:51:40]} 19. f3 {[%clk 0:38:03]} Nd7
{[%clk 0:50:02]} 20. Ng4 {[%clk 0:36:22]} Nef6 {[%clk 0:48:32]} 21. Nxf6+
{[%clk 0:29:59]} Nxf6 {[%clk 0:46:47]} 22. b4 {[%clk 0:29:51]} Nd7
{[%clk 0:35:11]} 23. a3 {[%clk 0:25:32]} Kf7 {[%clk 0:33:28]} 24. Nb5
{[%clk 0:15:47]} Rfc8 {[%clk 0:33:10]} 25. f4 {[%clk 0:15:39]} Ke7
{[%clk 0:31:12]} 26. fxe5 {[%clk 0:09:06]} Nxe5 {[%clk 0:28:17]} 27. Nd4
{[%clk 0:09:34]} Nxc4 {[%clk 0:23:54]} 28. Nc6+ {[%clk 0:09:51]} Ke8
{[%clk 0:22:30]} 29. Rf3 {[%clk 0:08:51]} Ne5 {[%clk 0:14:56]} 30. Nxe5
{[%clk 0:09:04]} dxe5 {[%clk 0:15:25]} 31. Raf1 {[%clk 0:09:17]} Ke7
{[%clk 0:09:59]} 32. Rf7+ {[%clk 0:09:42]} Kd6 {[%clk 0:10:22]} 33. Rxg7
{[%clk 0:09:45]} Rf8 {[%clk 0:09:57]} 34. Rxg6+ {[%clk 0:09:50]} Kd7
{[%clk 0:09:48]} 35. Rg7+ {[%clk 0:09:36]} Kd6 {[%clk 0:09:34]} 36. Rc1
{[%clk 0:06:13]} c5 {[%clk 0:09:15]} 37. dxc6 {[%clk 0:06:18]} b5
{[%clk 0:04:39]} 38. c7 {[%clk 0:05:08]} Rac8 {[%clk 0:03:08]} 39. Rc5
{[%clk 0:04:55]} Rf6 {[%clk 0:01:42]} 40. Rxb5 {[%clk 0:03:41]} Re6
{[%clk 0:00:57]} 41. Rd5+ {[%clk 0:01:57]} Kc6 {[%clk 0:30:14]} 42. h5
{[%clk 0:31:32]} Kb7 {[%clk 0:30:03]} 43. Rb5+ {[%clk 0:30:50]} Rb6
{[%clk 0:28:21]} 44. Rxe5 {[%clk 0:30:46]} Rxc7 {[%clk 0:28:20]} 45. Rxc7+
{[%clk 0:29:29]} 1-0